Novel functionalized synthetic rubbers for tyre applications (Record no. 64092)

MARC details
000 -LEADER
fixed length control field 01482nam a2200313Ia 4500
100 ## - MAIN ENTRY--AUTHOR NAME
Personal name Thiel KHSven
245 #0 - TITLE STATEMENT
Title Novel functionalized synthetic rubbers for tyre applications
260 ## - PUBLICATION, DISTRIBUTION, ETC. (IMPRINT)
Name of publisher Kautschuk Gummi Kunststoffe
Year of publication 2013
300 ## - PHYSICAL DESCRIPTION
Number of Pages 38-44
520 ## - SUMMARY, ETC.
Summary, etc Functionalized synthetic rubbers need to be selected for the production of low rolling resistance tires also having well balanced wet skid & abrasion resistance properties. The synthetic rubber business of styron operating in the area of synthetic rubber, particularly SSBR, SBR high and low cis-polybutadiene, is constantly extending the production volume and the scope of functionalized polymer grades. In October 2012 a new SSBR manufacturing plant with an annual capacity of 50.000 MT was going on stream. Furthermore, a tailor made functionalized neodymium catalyst made HCBR/modified SSBR polymer set was developmed.
650 ## - SUBJECT ADDED ENTRY--TOPICAL TERM
Topical Term Functionalizeed rubber
650 ## - SUBJECT ADDED ENTRY--TOPICAL TERM
Topical Term HCBR
650 ## - SUBJECT ADDED ENTRY--TOPICAL TERM
Topical Term high cis-polybutadiene
650 ## - SUBJECT ADDED ENTRY--TOPICAL TERM
Topical Term Modified polymers
650 ## - SUBJECT ADDED ENTRY--TOPICAL TERM
Topical Term Modified rubber
650 ## - SUBJECT ADDED ENTRY--TOPICAL TERM
Topical Term Polybutadiene
650 ## - SUBJECT ADDED ENTRY--TOPICAL TERM
Topical Term Rolling resistance
650 ## - SUBJECT ADDED ENTRY--TOPICAL TERM
Topical Term Rubber formulations
650 ## - SUBJECT ADDED ENTRY--TOPICAL TERM
Topical Term Solution Styrene-Butadiene rubber
650 ## - SUBJECT ADDED ENTRY--TOPICAL TERM
Topical Term SSBR
650 ## - SUBJECT ADDED ENTRY--TOPICAL TERM
Topical Term Styrene-Butadiene Copolymers
650 ## - SUBJECT ADDED ENTRY--TOPICAL TERM
Topical Term Synthetic rubber
650 ## - SUBJECT ADDED ENTRY--TOPICAL TERM
Topical Term Synthetic Rubber
700 ## - ADDED ENTRY--PERSONAL NAME
Personal name Kiesekamp Joachim
700 ## - ADDED ENTRY--PERSONAL NAME
Personal name Ruehmer Thomas
700 ## - ADDED ENTRY--PERSONAL NAME
Personal name Schkopau
942 ## - ADDED ENTRY ELEMENTS (KOHA)
Koha item type Journals
Holdings
Withdrawn status Lost status Damaged status Not for loan Home library Current library Shelving location Date acquired Serial Enumeration / chronology Koha item type
      Journals RRII Library RRII Library Rubber technology 12/08/2013 Volume 66, Issue 3 Journals